00673nam a22002057a 4500003000500000005001700005008004100022010000900063011000900072035000900081040000900090100002800099245015500127260004900282300001800331490004800349500001000397650001200407830004800419CHAP20220329133315.0971013s1990 r 00010 d a4659 a5631 a4845 cCHAP00aCoddington, Jonathan A. aOntogeny and homology in the male Palpus of orb-weaving spiders and their relatives, with comments on phylogeny (Araneoclada: Araneoidea, Deinopoidea) aWashington :bSmithsonian Institution,c1990 a52 p.b: ilus aSmithsonian contributions to zoologyv; 496 a54-3714aAranas.0 aSmithsonian contributions to zoologyv; 496